| 000 | 01915cam a2200481 c 4500 | ||
|---|---|---|---|
| 001 | 1931823332 | ||
| 003 | DE-627 | ||
| 005 | 20250930112532.0 | ||
| 007 | cr uuu---uuuuu | ||
| 008 | 250725s2023 xx |||||o 00| ||ger c | ||
| 020 |
_a9783842089105 _cEPUB |
||
| 024 | 7 |
_aurn:nbn:de:gbv:18-epflicht-5365 _2urn |
|
| 035 | _a(DE-627)1931823332 | ||
| 035 | _a(DE-599)KEP11729019X | ||
| 035 | _a(EPFHH)276fcff1-35f5-4e40-b663-ddcb33472fb2 | ||
| 035 | _a(EPFHH-TOKYOPOP)1040450049_9783842089105 | ||
| 035 | _a(DE-627-1)11729019X | ||
| 040 |
_aDE-627 _bger _cDE-627 _erda |
||
| 041 |
_ager _hjpn |
||
| 072 | 7 |
_a9182 _2wsb |
|
| 082 | 0 | 4 |
_a741.5 _qDE-576 |
| 245 | 0 | 0 |
_aCall of the Night, Band 05 _cKotoyama |
| 264 | 1 |
_aHamburg _bTOKYOPOP Verlag _c2023 |
|
| 300 | _a1 Online-Ressource (192 S.) | ||
| 336 |
_aText _btxt _2rdacontent |
||
| 337 |
_aComputermedien _bc _2rdamedia |
||
| 338 |
_aOnline-Ressource _bcr _2rdacarrier |
||
| 490 | 0 |
_aCall of the Night _v5 |
|
| 520 | _aKou plagen nach dem Erlebnis in der Schule Zweifel, ob er wirklich ein Vampir werden will. Zudem redet Mahiru ihm scharf ins Gewissen, dass er seinen Wunsch aufgeben soll. Und dann hetzt die Detektivin Anko ihm auch noch die Polizei auf den Hals, weil er nachts draußen rumlungert. Kou stellt sich zunehmend die Frage, ob er wirklich ein Vampir werden will. | ||
| 583 | 1 |
_aArchivierung/Langzeitarchivierung gewährleistet _fPEHH _kDE-576 _2pdager _5DE-18 |
|
| 650 | 4 | _aMystery | |
| 650 | 4 | _aRomance | |
| 650 | 4 | _aSlice of Life | |
| 650 | 4 | _aSupernatural | |
| 650 | 4 | _aVampire | |
| 700 | 0 |
_aKotoyama _eVerfasserIn _4aut |
|
| 776 | 1 | _z9783842083554 | |
| 776 | 1 | _z9783842083554 | |
| 776 | 0 | 8 |
_iErscheint auch als _nDruck-Ausgabe _z9783842083554 |
| 856 | 4 | 0 |
_uhttps://nbn-resolving.org/urn:nbn:de:gbv:18-epflicht-5365 _mX:EPF _qapplication/epub+zip _zlizenzpflichtig |
| 942 |
_2ddc _cMGA _n0 |
||
| 951 | _aBO | ||
| 999 |
_c1361 _d1361 |
||